00377nam a2200181Ia 4500003000900000008004100009040001300050040001300063041000800076100002200084245002900106250001200135260001200147260000900159300001100168300001000179490000600189IT-RoPAU120407s9999 xx 000 0 und d aIT-RoPAU cIT-RoPAU aita aWilliam Burroughs aLa scimmia sulla schiena aMilano  aRizzoli c1953 a250 p. c22 cm v1